|
|
|
|
| LEADER |
02029njm a2200445 a 4500 |
| 001 |
001216857 |
| 003 |
CZ BrMZK |
| 005 |
20210212110530.0 |
| 007 |
sd fsngnnmmned |
| 008 |
120528s2012 xr zzn g ef zxx d |
| 024 |
3 |
|
|a 8590236054523
|
| 028 |
0 |
1 |
|a CR0545-2
|b Radioservis
|
| 040 |
|
|
|a BOA001
|b cze
|
| 041 |
0 |
|
|g cze
|g eng
|
| 048 |
|
|
|a sa02
|a sb01
|a sc01
|
| 048 |
|
|
|a sa02
|a sb01
|a sc01
|a ka01
|
| 072 |
|
7 |
|a 785
|x Instrumentální hudba. Symfonická hudba. Hudba pro více nástrojů
|2 Konspekt
|9 9
|
| 080 |
|
|
|a 787.1/.4:785.74
|2 MRF
|
| 080 |
|
|
|a 786.2:785.75
|2 MRF
|
| 080 |
|
|
|a (086.76)
|2 MRF
|
| 110 |
2 |
|
|a Graffovo kvarteto
|7 pna2005306150
|
| 245 |
1 |
0 |
|a Úsvit české moderny
|h [zvukový záznam] =
|b Dawn od czech modernism
|
| 246 |
3 |
1 |
|a Dawn od czech modernism
|
| 260 |
|
|
|a [Praha] :
|b Radioservis,
|c p2012
|
| 300 |
|
|
|a 1 zvuková deska :
|b digital ;
|c 12 cm
|
| 500 |
|
|
|a Kompaktní deska
|
| 505 |
0 |
0 |
|t Smyčcový kvartet č. 2 d moll /
|r Bedřich Smetana --
|t Klavírní kvintet H. 35 /
|r Bohuslav Martinů --
|t Klavírní kvintet a moll, op. 12 /
|r Vítězslav Novák
|
| 511 |
1 |
|
|a Graffovo kvarteto ; Michiko Otaki, klavír
|
| 518 |
|
|
|a Nahráno ve studiu Českého rozhlasu v Brně 2.-4.8.2010 (Martinů, Novák) a 7.-8.1.2012 (Smetana)
|
| 650 |
0 |
7 |
|a smyčcové kvartety
|7 ph125721
|2 czenas
|
| 650 |
0 |
7 |
|a klavírní kvintety
|7 ph254880
|2 czenas
|
| 655 |
|
7 |
|a kompaktní desky
|7 fd201991
|2 czenas
|
| 700 |
1 |
|
|a Otaki, Michiko,
|d 1958-
|7 jx20080319021
|4 itr
|
| 700 |
1 |
2 |
|a Smetana, Bedřich,
|d 1824-1884.
|t Kvartety,
|m housle (2), viola, violoncello,
|n č. 2,
|r d moll
|7 aun2006373484
|
| 700 |
1 |
2 |
|a Martinů, Bohuslav,
|d 1890-1959.
|t Kvintety,
|m klavír, housle (2), viola, violoncello
|n (1911)
|7 aun2012723126
|
| 700 |
1 |
2 |
|a Novák, Vítězslav,
|d 1870-1949.
|t Kvintet,
|m klavír, housle (2), viola, violoncello,
|n op. 12,
|r a moll
|7 aun2010562026
|
| 910 |
|
|
|a BOA001
|b CDR-1286.103
|
| 990 |
|
|
|a AV
|
| 991 |
|
|
|b 201206
|
| 996 |
6 |
|
|b 2610512036
|c CDR-1286.103
|l MZK
|r Sklad / do 24 hodin
|n 0
|p p.v.
|w 001252401
|u 000010
|a 1
|e BOA001
|j MZK50
|s P
|